000 00337nam a2200133 i 4500
001 bg
100 1 _aLINNEMANN, G.
245 0 _aElementare synthese elektrischer und magnetischer Energewandler /
_cG. Linnemann.
260 _aLipsk,
_c1967.
040 _cBPK
041 _apol
942 _cKS
008 s pl f |000 0 pol
999 _c7957
_d7957
856 _uhttp://koha.tu.koszalin.pl/cgi-bin/koha/opac-detail.pl?biblionumber=7957
_yKatalog online BPK